| 000 | 00577nam a2200169 4500 | ||
|---|---|---|---|
| 999 |
_c4721 _d4721 |
||
| 008 | 160920b xxu||||| |||| 00| 0 eng d | ||
| 022 | _a2094-8042 | ||
| 082 | _aDPer 370.105 M72 Jan-Dec 2012 V. 60-61 | ||
| 100 |
_915008 _aRoyeca, Jon E. |
||
| 243 | _aThe modern teacher | ||
| 245 |
_aRizal as a pioneering filipino historian and linguist/ _cJon E. Royeca. |
||
| 260 |
_aPhilippines: _bIn the Grade School, Inc., _c©2012. |
||
| 300 |
_aV61 n7, pages 265-267; _c28 cm. |
||
| 500 | _aThe Modern Teacher. | ||
| 650 | 0 |
_915009 _bHistorians _zPhilippines |
|
| 942 |
_2ddc _cPER |
||